LEADER 00906nam 2200289 450 001 996710481403316 005 20260226084150.0 010 $a88-10-11134-6 100 $a20260224d1994----km y0itay5003 ba 101 0 $aita 102 $aIT 105 $ay 00 y 200 1 $aTertio millennio adveniente$elettera apostolica all'episcopato, al clero e ai fedeli circa la preparazione del Giubileo dell'anno 2000$fGiovanni Paolo 2 210 $aBologna$cEDB$d1994 215 $a48 p.$d22 cm 225 2 $aDocumenti$iSanta Sede$v33 410 0$12001$aDocumenti$iSanta Sede$v33 606 0 $aLettere pastorali$2BNCF 676 $a227.83 700 1$aIoannes Paulus II $0728394 801 0$aIT$bcba$gREICAT 912 $a996710481403316 951 $aXVI.7.Misc. 2516$b2561 FBUO$cXVI.7.Misc. 959 $aBK 969 $aFBUO 996 $aTertio millennio adveniente$94544727 997 $aUNISA